|
|
|
|
| LEADER |
00000cam a22000004a 4500 |
| 001 |
musev2_25009 |
| 003 |
MdBmJHUP |
| 005 |
20230905042649.0 |
| 006 |
m o d |
| 007 |
cr||||||||nn|n |
| 008 |
130118s2013 inu o 00 0 eng d |
| 020 |
|
|
|a 9780253011299
|
| 020 |
|
|
|z 9780253011251
|
| 035 |
|
|
|a (OCoLC)854521705
|
| 040 |
|
|
|a MdBmJHUP
|c MdBmJHUP
|
| 100 |
1 |
|
|a Moore, Gary,
|d 1943-
|
| 245 |
1 |
0 |
|a Brown County Mornings /
|c Gary Moore ; foreword by James P. Eagleman.
|
| 264 |
|
1 |
|a Bloomington :
|b Quarry Books,
|c 2013.
|
| 264 |
|
3 |
|a Baltimore, Md. :
|b Project MUSE,
|c 2013
|
| 264 |
|
4 |
|c ©2013.
|
| 300 |
|
|
|a 1 online resource (144 pages):
|b color illustrations
|
| 336 |
|
|
|a text
|b txt
|2 rdacontent
|
| 337 |
|
|
|a computer
|b c
|2 rdamedia
|
| 338 |
|
|
|a online resource
|b cr
|2 rdacarrier
|
| 500 |
|
|
|a With text by James P. Eagleman.
|
| 505 |
0 |
|
|a Gallery -- A Few Notes on How to Approach Landscape Photography.
|
| 520 |
|
|
|a Rolling hills, rich forests, and beautiful vistas have made Brown County, Indiana, a favorite haunt of painters and ordinary tourists. In this gorgeous collection, a landscape photographer, reveals the spirit of the place in the morning hours as it awakens to the new day.
|
| 546 |
|
|
|a English.
|
| 588 |
|
|
|a Description based on print version record.
|
| 650 |
|
7 |
|a Travel.
|2 fast
|0 (OCoLC)fst01155558
|
| 650 |
|
7 |
|a Natural history.
|2 fast
|0 (OCoLC)fst01034268
|
| 650 |
|
7 |
|a Landscape photography.
|2 fast
|0 (OCoLC)fst00992030
|
| 650 |
|
7 |
|a HISTORY
|z United States
|x State & Local
|x Midwest (IA, IL, IN, KS, MI, MN, MO, ND, NE, OH, SD, WI)
|2 bisacsh
|
| 650 |
|
7 |
|a HISTORY
|z United States
|x State & Local
|x General.
|2 bisacsh
|
| 650 |
|
6 |
|a Sciences naturelles
|z Indiana
|z Brown
|v Ouvrages illustres.
|
| 650 |
|
6 |
|a Photographie de paysages
|z Indiana
|z Brown.
|
| 650 |
|
0 |
|a Natural history
|z Indiana
|z Brown County
|v Pictorial works.
|
| 650 |
|
0 |
|a Landscape photography
|z Indiana
|z Brown County.
|
| 651 |
|
7 |
|a Indiana
|z Brown County.
|2 fast
|0 (OCoLC)fst01213827
|
| 651 |
|
0 |
|a Brown County (Ind.)
|x Description and travel.
|
| 651 |
|
0 |
|a Brown County (Ind.)
|v Pictorial works.
|
| 655 |
|
7 |
|a Pictorial works.
|2 fast
|0 (OCoLC)fst01423874
|
| 655 |
|
7 |
|a Electronic books.
|2 local
|
| 700 |
1 |
|
|a Eagleman, James P.
|
| 710 |
2 |
|
|a Project Muse.
|e distributor
|
| 830 |
|
0 |
|a Book collections on Project MUSE.
|
| 856 |
4 |
0 |
|z Texto completo
|u https://projectmuse.uam.elogim.com/book/25009/
|
| 945 |
|
|
|a Project MUSE - Custom Collection
|
| 945 |
|
|
|a Project MUSE - 2013 US Regional Studies, Midwest
|
| 945 |
|
|
|a Project MUSE - 2013 Complete
|